[Event "Kirov Chudinovskikh Memorial-A 1st"]
[Site "Kirov"]
[Date "2014.06.26"]
[Round "1"]
[White "Tsarukian, Elis"]
[Black "Nagibin, Mikhail V"]
[Result "0-1"]
[WhiteElo "2206"]
[BlackElo "2210"]
[PlyCount "44"]
[EventDate "2014.06.26"]
[EventType "tourn"]
[EventRounds "7"]
[EventCountry "RUS"]
[SourceTitle "EXT 2015"]
[Source "ChessBase"]
[SourceDate "2014.11.20"]
[SourceVersion "1"]
[SourceVersionDate "2014.11.20"]
[SourceQuality "1"]

1. d4 d5 2. c4 c6 3. Nf3 Nf6 4. cxd5 cxd5 5. Nc3 Bf5 6. Qb3 Qb6 7. Qxb6 axb6 8. e3 e6 9. Bb5+ Nbd7 10. Ne5 Bd6 11. Bd2 Ke7 12. Nxd7 Nxd7 13. Na4 e5 14. Bxd7 Bxd7 15. Nxb6 Ra6 16. Nxd7 Kxd7 17. Bc3 f6 18. a3 Rc8 19. Kd2 b5 20. Rac1 Ra4 21. h3 exd4 22. Bxd4 Rxd4+ 0-1

[Event "Kirov Arakelian Memorial-B 4th"]
[Site "Kirov"]
[Date "2014.05.01"]
[Round "2"]
[White "Nagibin, Mikhail V"]
[Black "Chigarev, Vyacheslav"]
[Result "1-0"]
[WhiteElo "2263"]
[BlackElo "1829"]
[PlyCount "37"]
[EventDate "2014.04.30"]
[EventType "tourn"]
[EventRounds "9"]
[EventCountry "RUS"]
[SourceTitle "EXT 2015"]
[Source "ChessBase"]
[SourceDate "2014.11.20"]
[SourceVersion "1"]
[SourceVersionDate "2014.11.20"]
[SourceQuality "1"]

1. d4 Nf6 2. Nf3 g6 3. c4 Bg7 4. Nc3 d5 5. cxd5 Nxd5 6. e4 Nxc3 7. bxc3 0-0 8. Be2 c5 9. Rb1 Nd7 10. 0-0 Nf6 11. Qd3 Nxe4 12. Qxe4 Bf5 13. Qxb7 Bxb1 14. Qxb1 cxd4 15. cxd4 Qd5 16. Bd1 Rfd8 17. Bb3 Rab8 18. Bf4 e5 19. dxe5 1-0